Applied mathematics for physical chemistry
Guardado en:
| Autor principal: | |
|---|---|
| Formato: | Libro |
| Lenguaje: | Undetermined |
| Publicado: |
New Jersey
Pearson Prentice Hall
2004
|
| Materias: | |
| Etiquetas: |
Agregar Etiqueta
Sin Etiquetas, Sea el primero en etiquetar este registro!
|
| Thư viện lưu trữ: | Trung tâm Học liệu Trường Đại học Cần Thơ |
|---|
| LEADER | 00567nam a2200205Ia 4500 | ||
|---|---|---|---|
| 001 | CTU_93937 | ||
| 008 | 210402s9999 xx 000 0 und d | ||
| 020 | |c 29.00 | ||
| 082 | |a 510 | ||
| 082 | |b B268 | ||
| 100 | |a Barrante, James R. | ||
| 245 | 0 | |a Applied mathematics for physical chemistry | |
| 245 | 0 | |c James R. Barrante | |
| 260 | |a New Jersey | ||
| 260 | |b Pearson Prentice Hall | ||
| 260 | |c 2004 | ||
| 650 | |a Chemistry, physical and theoretical | ||
| 650 | |x Mathematics | ||
| 904 | |i Tuyến | ||
| 980 | |a Trung tâm Học liệu Trường Đại học Cần Thơ | ||